000 00349nam a22001217a 4500
999 _c2663
_d2663
005 20200922142930.0
008 200922b ||||| |||| 00| 0 eng d
020 _a13473
040 _cCML
245 _aThe World of Microbes.
_cNelson
260 _aLondon
_bThomas Nelson and Sons Ltd
_c1965
942 _2ddc
_cBK
_e1st Edition
_h576
_mWOR